000 00331pam a2200145 a 4500
020 _c
041 _h
082 _a750
_bGAR
100 _aDr. Govind Gare.
245 _aWarli Arts
_bWarli Arts
_hTextual Documents
250 _a2006.
260 _aPune:
_bSrividya Shanivar Peth Pune.
300 _a106:
_bpaper.
930 _a3533
999 _c237323
_d237323